| 000 | 00525cam a2200205ua 4500 | ||
|---|---|---|---|
| 020 | _c36.00 | ||
| 041 |
_aeng _h |
||
| 082 |
_a515 _bSCA/NU |
||
| 100 | _aScarborough , James B . | ||
| 245 |
_aNumerical mathematical analysis / _cJames B Scarborough. _hTextual Documents |
||
| 250 |
_a6 / _b. |
||
| 260 |
_aNew Delhi : _bOxford & IBH Publishing company , _c1966. |
||
| 300 | _a600 ; . | ||
| 365 | _a36.00 | ||
| 504 | _a | ||
| 942 | _cBK | ||
| 999 |
_c2233 _d2233 |
||